| 000 | 00555nam a22001937a 4500 | ||
|---|---|---|---|
| 005 | 20250519141020.0 | ||
| 008 | 250519b |||||||| |||| 00| 0 eng d | ||
| 040 | _cDO | ||
| 245 | _aIran | ||
| 250 | _aJuly 1999 Vol. 196 No. 1 | ||
| 490 | _aNational Geographic | ||
| 520 | _aIran: Testing the Waters of Reform, Mars on Earth, The Shrinking World of Hornbills, Quest for Color, Celebrating Canyon Country, Humpback Whales | ||
| 650 | _xMARS | ||
| 650 | _xHORNBILLS | ||
| 650 | _xCOLOR | ||
| 650 | _xMONUMENT | ||
| 650 | _xWHALES | ||
| 942 |
_2ddc _cCR |
||
| 999 |
_c5542 _d5542 |
||